000 00285nam a2200121Ia 4500
005 20251222154410.0
008 251222s9999||||xx |||||||||||||| ||spa||
020 _a84-206-1549-8
082 _a848.81/F56/1995
100 _a"Flaubert, Gustave"
245 0 _aMadame Bovary
942 _cLIB
999 _c35638
_d35638